Kovy, ktoré hýbu trhmi
V tabuľke spracované nasledovné údaje o neželezných, vzácnych a strategických kovoch: objem svetovej produkcie 1990, hlavní svetoví producenti, objem svetových rezerv, ložiská, výroba, spotreba, dôležité trhy s budúcimi kontraktmi (burzy kovov).
Gespeichert in:
| Format: | Buchkapitel |
|---|---|
| Sprache: | Slowakisch |
| Schlagworte: | |
| Tags: |
Keine Tags, Fügen Sie das erste Tag hinzu!
|
MARC
| LEADER | 00000naa a2200000 4500 | ||
|---|---|---|---|
| 001 | r014250 | ||
| 005 | 20221213123419.8 | ||
| 041 | 0 | |a slo | |
| 044 | |a SK | ||
| 245 | 1 | 0 | |a Kovy, ktoré hýbu trhmi |
| 520 | |a V tabuľke spracované nasledovné údaje o neželezných, vzácnych a strategických kovoch: objem svetovej produkcie 1990, hlavní svetoví producenti, objem svetových rezerv, ložiská, výroba, spotreba, dôležité trhy s budúcimi kontraktmi (burzy kovov). | ||
| 610 | 2 | 0 | |a kovy neželezné |
| 610 | 2 | 0 | |a kovy vzácne |
| 610 | 2 | 0 | |a kovy strategické |
| 610 | 2 | 0 | |a údaje štatistické |